| 000 | 00888nam a22003017a 4500 | ||
|---|---|---|---|
| 001 | 0014042 | ||
| 003 | KOHA_MİRAKIL | ||
| 005 | 20260207001940.0 | ||
| 007 | ta | ||
| 008 | 101103b tu |||gr||||#||||1|tur | | ||
| 020 | _a9755212205 | ||
| 040 |
_aTR-BiSEU _btur _cTR-BiSEU _erda |
||
| 041 | 0 | _atur | |
| 044 | _ctu | ||
| 050 |
_aPS2649.P5 _bS66 [t.y.] |
||
| 100 | 0 | _aO'Henry. | |
| 245 | 1 |
_aSon yaprak/ _cO'Henry ; O'Henry; çeviren Şima Rondinelli. |
|
| 264 | 1 |
_aİstanbul : _bBoyut _c[t.y.] |
|
| 300 | _a192 sayfa; 19 cm. | ||
| 336 |
_ametin _btxt _2rdacontent |
||
| 337 |
_aaracısız _bn _2rdamedia |
||
| 338 |
_acilt _bnc _2rdacarrier |
||
| 490 | 0 | _aBoyut kitapları/dünya klasikleri | |
| 650 | 0 |
_aAmerikan edebiyatı--hikaye. _932865 |
|
| 650 | 0 |
_aAmerican literature--the story. _932866 |
|
| 830 | 0 |
_aBoyut kitapları/dünya klasikleri _932867 |
|
| 942 |
_2lcc _cBK |
||
| 999 |
_c14005 _d14005 |
||